<?xml version="1.0" encoding="UTF-8"?>
<marc:record xmlns:marc="http://www.loc.gov/MARC21/slim">
   <marc:leader>00000nam a2200000 a 4500</marc:leader>
   <marc:datafield ind1="0" ind2="0" tag="245">
      <marc:subfield code="a">The Descendants - Familie und andere Angelegenheiten</marc:subfield>
   </marc:datafield>
   <marc:datafield ind1=" " ind2="1" tag="264">
      <marc:subfield code="a">München</marc:subfield>
      <marc:subfield code="b">20th Century Fox</marc:subfield>
      <marc:subfield code="c">2012</marc:subfield>
   </marc:datafield>
   <marc:datafield ind1="1" ind2=" " tag="520">
      <marc:subfield code="a">Hawaii - das Paradies auf Erden! Nur nicht für Matt King (George Clooney). Als nach einem schweren Bootsunfall seine Ehefrau ins Koma fällt, bricht für ihn eine Welt zusammen. Und wäre das nicht schlimm genug, erfährt er, dass sie seit einiger Zeit bereits eine Affäre hatte. Plötzlich muss sich Matt um seine beiden Töchter kümmern, die Vergangenheit überdenken und seine Zukunft neu ordnen.&lt;br&gt;&lt;br&gt;Zusammen mit seiner Tochter Alexandra (Shailene Woodley), ihrem etwas eigenwilligen Freund Sid (Nick Krause) und seiner vorlauten Tochter Scottie (Amara Miller) begibt sich Matt dafür auf die Suche nach dem Liebhaber seiner Frau.</marc:subfield>
   </marc:datafield>
   <marc:datafield ind1=" " ind2=" " tag="338">
      <marc:subfield code="a">Videodisk</marc:subfield>
   </marc:datafield>
   <marc:datafield ind1=" " ind2=" " tag="300">
      <marc:subfield code="a">1 DVD</marc:subfield>
   </marc:datafield>
</marc:record>
